|
|
|
|
| LEADER |
00000nab a2200000 a 4500 |
| 001 |
vtls000237600 |
| 003 |
SK-MaSNL |
| 005 |
20260303225233.0 |
| 008 |
111130c1985 xo 0 slo |
| 015 |
|
|
|a SNBRB19rr/mm-uuuuu
|
| 035 |
|
|
|a CL0247714
|
| 040 |
|
|
|a SNKBUCL
|b slo
|c SNKBUCL
|e AACR2
|
| 041 |
0 |
|
|a slo
|
| 044 |
|
|
|a xo
|c SK
|
| 080 |
|
|
|a 820 (73)-3
|2 1981
|
| 100 |
1 |
|
|a Capote, Truman,
|d 1924-1984
|4 aut
|9 112089
|
| 245 |
1 |
0 |
|a Tie niekdajšie Vianoce
|c Truman Capote ; -šay-, -šay-
|
| 500 |
|
|
|a V rubrike Próza-poézia-próza.
|
| 650 |
0 |
7 |
|a poviedky psychologické
|2 snkbucl
|9 893883
|
| 650 |
0 |
7 |
|a poviedky rodinné
|2 snkbucl
|9 900847
|
| 655 |
|
7 |
|a články z novín a časopisov
|2 snkbucl
|9 267496
|
| 655 |
|
7 |
|a články z odboru literárna veda a krásna literatúra
|2 snkbucl
|9 770045
|
| 700 |
1 |
|
|a -šay-
|4 aut
|9 921418
|
| 700 |
1 |
|
|a -šay-
|4 trl
|9 921418
|
| 773 |
0 |
|
|t Ľud
|g Roč. 38, č. 299 (19. 12. 1985), s. 10
|
| 850 |
|
|
|a Slovenská národná knižnica v Martine
|a MTA001
|
| 852 |
|
|
|a SNK
|b KIS3GCP
|
| 958 |
|
|
|a RK
|
| 958 |
|
|
|a LX
|
| 992 |
|
|
|a RBX
|
| 999 |
|
|
|c 2256304
|d 2258234
|